Didáctica de la gramática: aportaciones de las teorías lingüísticas: descubrimiento del sistema de la lengua

Guardat en:
Dades bibliogràfiques
Autor principal: Fernández, Sonsoles (Autor)
Format: Llibre
Idioma:espanyol
Publicat: Madrid Narcea 1983
Col·lecció:Educación hoy
Matèries:
Etiquetes: Afegir etiqueta
Sense etiquetes, Sigues el primer a etiquetar aquest registre!

MARC

LEADER 00000nam a2200000 a 4500
001 UCZ0034
003 CL-VaPUC
008 950724e19830000SP |||||||||||||||||spa|d
082 0 4 |a 465  |b FER  |2 21 
100 0 |a Fernández, Sonsoles  |e author  |9 342608 
245 1 0 |a Didáctica de la gramática: aportaciones de las teorías lingüísticas: descubrimiento del sistema de la lengua 
300 |a 238 p 
942 |c BK 
945 |d 19950724 00:00:00  |a cmena 
260 |a Madrid  |b Narcea  |c 1983 
650 0 |a Lingüística  |9 265068 
650 0 |a Gramática  |9 270497 
650 0 |a Educación lingüística  |9 306506 
650 7 |a TEORIA LINGUISTICA  |2 CL-VaPUC  |9 334835 
650 7 |a LINGUISTICA DESCRIPTIVA  |2 CL-VaPUC  |9 342609 
650 0 |a Métodos de enseñanza  |9 270413 
583 |a last modification  |c 19950724 00:00:00  |k Rodrigo Vera 
490 0 |a Educación hoy 
999 |c 237011  |d 237009 
952 |0 0  |1 0  |4 0  |6 465_000000000000000_FER_1983  |7 0  |8 A  |9 245659  |a BIBEDU  |b BIBEDU  |d 2019-11-18  |i 1540904  |o 465 FER 1983  |p 1540904  |r 2019-11-18  |w 2019-11-18  |y BK  |k EDU